| 000 | 00368nam a2200121Ia 4500 | ||
|---|---|---|---|
| 008 | 231129s9999||||xx |||||||||||||| ||spa|| | ||
| 020 | _a84-7232-402-8 | ||
| 040 | _bspa | ||
| 082 | _aPa863 A923 | ||
| 245 | 0 | _aAugusto Roa Bastos | |
| 264 | _aEdiciones Cultura Hispanica del Instituto de Cooperacion Iberoamericana | ||
| 942 |
_2ddc _cBKS |
||
| 999 |
_c5878 _d5878 |
||